000
00439nam a2200169Ia 4500
003
LDD
008
190117s9999 xx 000 0 und d
020
_c
₹65
040
_c
LDD
041
_a
hi
100
_a
प्रेमचंद
245
0
_a
प्रेमाश्रम
_c
प्रेमचंद
246
_a
Premashram
260
_a
नई दिल्ली
_b
भारतीय
_c
1987
300
_a
430
942
_2
ddc
_c
H
999
_c
164145
_d
164145